[Event "Dragnet for Dunst players! Dun du dun-dun "]
[Site "SchemingMind.com"]
[Date "2006.04.23"]
[Round "-"]
[White "Flipje"]
[Black "mart_r3000"]
[Result "1-0"]
[WhiteCountry "NED"]
[BlackCountry "ENG"]
[WhiteElo "2010"]
[WhiteRD "101"]
[BlackElo "1311"]
[BlackRD "55"]
[GameID "47664"]

1. Nc3 d5 2. e4 d4 3. Nce2 e5 4. Ng3 Bd6 5. Bc4 Nf6 6. Nf3 Bg4 7. O-O O-O 8. d3 h6 9. h3 Bd7 10. Qe2 a6
11. Nh4 g5 12. Nhf5 b5 13. Bb3 Bc5 14. Nxh6+ Kh7 15. Nxf7 Qe8 16. Nxg5+ Kh8 17. f4 Nc6 18. fxe5 Nxe5 19. Nf5 c6 20. Qf2 Qh5
21. Qh4 Qxh4 22. Nxh4 Nh5 23. Rxf8+ Rxf8 24. g4 Be7 25. gxh5 Bb4 26. Ng6+ Nxg6 27. hxg6 Kg7 28. Bf7 Kh8 29. Bf4 Be8 30. Be5#
1-0

[Event "Dragnet for Dunst players! Dun du dun-dun "]
[Site "SchemingMind.com"]
[Date "2006.04.23"]
[Round "-"]
[White "langhab"]
[Black "mart_r3000"]
[Result "1-0"]
[WhiteCountry "PHI"]
[BlackCountry "ENG"]
[WhiteElo "1674"]
[WhiteRD "62"]
[BlackElo "1311"]
[BlackRD "55"]
[GameID "47665"]

1. Nc3 d5 2. e3 Nf6 3. Nf3 Nc6 4. Be2 e5 5. a3 e4 6. Nd4 Ne5 7. f4 Neg4 8. h3 Nh6 9. Bb5+ Nd7 10. O-O a6
11. Be2 Bd6 12. Nxd5 c6 13. Nc3 g6 14. Nxe4 O-O 15. Nxd6 Nc5 16. Nxc8 Rxc8 17. b4 Ne4 18. Bf3 Ng3 19. Bb2 Nxf1 20. Qxf1 b5
21. Rd1 Qe7 22. Nxc6 Qe6 23. Nd4 Qc4 24. Qxc4 Rxc4 25. Bc6 f6 26. Bd5+ Nf7 27. Bxc4 bxc4 28. Nc6 Nd6 29. d3 cxd3 30. Rxd3 Ne4
31. g4 f5 32. g5 Re8 33. Kg2 Rc8 34. Rd8+ Rxd8 35. Nxd8 Nd2 36. Bc1 Nc4 37. Ne6 Nxa3 38. Bxa3
1-0

[Event "Dragnet for Dunst players! Dun du dun-dun "]
[Site "SchemingMind.com"]
[Date "2006.04.23"]
[Round "-"]
[White "Kenny Elliott"]
[Black "mart_r3000"]
[Result "0-1"]
[WhiteCountry "USA"]
[BlackCountry "ENG"]
[WhiteElo "1402"]
[WhiteRD "98"]
[BlackElo "1260"]
[BlackRD "61"]
[GameID "47666"]

1. Nc3 d5 2. d4 Nf6 3. Bg5 e6 4. e3 Bb4 5. Bd3 O-O 6. Qf3 Nbd7 7. Ne2 h6 8. Bh4 g5 9. Bg3 g4 10. Qf4 Kg7
11. O-O Bd6 12. Nxd5 Bxf4 13. Ndxf4 a6 14. Bh4 e5 15. Nh5+ Kg8 16. Nxf6+ Nxf6 17. dxe5 b5 18. exf6 Bb7 19. Ng3 Bc6 20. Rfd1 Qd7
21. Bxb5 Qe8 22. Bxc6 Qxc6 23. Nf5 Qe4 24. Ne7+ Kh7 25. c3 Rad8 26. Bg3 Qc2 27. Rxd8 Rxd8 28. Rf1 Rd1 29. f3 Qc1
0-1

[Event "Dragnet for Dunst players! Dun du dun-dun "]
[Site "SchemingMind.com"]
[Date "2006.04.23"]
[Round "-"]
[White "TiltingWindmills"]
[Black "mart_r3000"]
[Result "0-1"]
[WhiteCountry "USA"]
[BlackCountry "ENG"]
[WhiteElo "1243"]
[WhiteRD "68"]
[BlackElo "1311"]
[BlackRD "55"]
[GameID "47667"]

1. Nc3 d5 2. d4 Nf6 3. Bf4 h6 4. e3 a6 5. Bd3 c6 6. Nf3 Bg4 7. O-O Nh5 8. Be5 Nd7 9. h3 Be6 10. b4 f6
11. Bg6+ Bf7 12. Bxf7+ Kxf7 13. Bh2 e6 14. a3 g5 15. Re1 f5 16. Nxg5+ Qxg5 17. Ne2 e5 18. dxe5 Nxe5 19. Bxe5 Rg8 20. c4 Qxg2#
0-1

[Event "Dragnet for Dunst players! Dun du dun-dun "]
[Site "SchemingMind.com"]
[Date "2006.04.23"]
[Round "-"]
[White "judgmentality"]
[Black "mart_r3000"]
[Result "0-1"]
[WhiteCountry "USA"]
[BlackCountry "ENG"]
[WhiteElo "1264"]
[WhiteRD "60"]
[BlackElo "1311"]
[BlackRD "55"]
[GameID "47668"]

1. Nc3 d5 2. e4 d4 3. Nce2 e5 4. f4 Nc6 5. Nf3 f6 6. d3 Bd6 7. Bd2 exf4 8. Nxf4 Nh6 9. Nh4 Ne5 10. Qh5+ Nef7
11. Nd5 g6 12. Nxg6 hxg6 13. Qxg6 c6 14. Nxf6+ Kf8 15. Be2 Ke7 16. Bg5 Ne5 17. Nh5+ Kd7
0-1

[Event "Dragnet for Dunst players! Dun du dun-dun "]
[Site "SchemingMind.com"]
[Date "2006.04.23"]
[Round "-"]
[White "MatdeInverses"]
[Black "mart_r3000"]
[Result "1-0"]
[WhiteCountry "USA"]
[BlackCountry "ENG"]
[WhiteElo "1898"]
[WhiteRD "52"]
[BlackElo "1213"]
[BlackRD "72"]
[GameID "47669"]

1. Nc3 d5 2. d4 Bg4 3. f3 Bf5 4. e4 dxe4 5. fxe4 Bg6 6. Nf3 e6 7. Bg5 f6 8. Be3 Nc6 9. Bb5 Bb4 10. Qd3 a6
11. Bxc6+ bxc6 12. O-O Bd6 13. Qc4 Qd7 14. e5 fxe5 15. dxe5 Be7 16. Rad1 Qc8 17. Qxc6+ Kf8 18. Ng5+ Nf6 19. exf6 gxf6 20. Nxe6+ Kg8
21. Nxc7 Kg7 22. N3d5 Be4 23. Nxe7 Qg4 24. Qxf6#
1-0

[Event "Dragnet for Dunst players! Dun du dun-dun "]
[Site "SchemingMind.com"]
[Date "2006.04.25"]
[Round "-"]
[White "Rotceh"]
[Black "Flipje"]
[Result "0-1"]
[WhiteCountry "MEX"]
[BlackCountry "NED"]
[WhiteElo "1551"]
[WhiteRD "105"]
[BlackElo "2010"]
[BlackRD "101"]
[GameID "47761"]

1. Nc3 e6 2. Nf3 a6 3. e4 b5 4. d3 c5 5. Be3 Bb7 6. Nd2 Nc6 7. a3 d5 8. exd5 exd5 9. Ne2 d4 10. Bf4 Nf6
11. Ng3 Nd5 12. Qf3 Be7 13. Be2 g5 14. Nf5 Nxf4 15. g3 Nxe2 16. Qxe2 Qd7 17. g4 O-O-O 18. Ne4 Rhe8 19. f3 Bf8 20. h4 h5
21. Nfg3 hxg4 22. hxg5 gxf3 23. Qxf3 Ne5 24. Qf5 Qxf5 25. Nxf5 Bxe4 26. dxe4 Nf3+ 27. Kf2 Nxg5
0-1

[Event "Dragnet for Dunst players! Dun du dun-dun "]
[Site "SchemingMind.com"]
[Date "2006.04.25"]
[Round "-"]
[White "Rotceh"]
[Black "langhab"]
[Result "0-1"]
[WhiteCountry "MEX"]
[BlackCountry "PHI"]
[WhiteElo "1551"]
[WhiteRD "105"]
[BlackElo "1674"]
[BlackRD "62"]
[GameID "47762"]

1. Nc3 d5 2. e3 e5 3. d4 e4 4. Bb5+ c6 5. Ba4 a5 6. a3 b5 7. Bb3 Nf6 8. f3 exf3 9. Nxf3 Bg4 10. O-O Ne4
11. Qe1 Nxc3 12. Qxc3 Bf5 13. Qd2 Be4 14. c3 Bd6 15. Bc2 O-O 16. b3 f5 17. Qf2 Nd7 18. b4 axb4 19. cxb4 Nf6 20. h3 Nh5
21. Nh2 Bg3 22. Qe2 g6 23. Bxe4 dxe4 24. Rd1 Qd5 25. Nf1 f4 26. Nxg3 fxg3 27. Bb2 Rf2 28. Qe1 Rxb2 29. Qc3 Rf2 30. Qc5 Raf8
31. Qxd5+ cxd5 32. Rac1 Re2 33. Rc5 Rff2
0-1

[Event "Dragnet for Dunst players! Dun du dun-dun "]
[Site "SchemingMind.com"]
[Date "2006.04.25"]
[Round "-"]
[White "Rotceh"]
[Black "Kenny Elliott"]
[Result "1-0"]
[WhiteCountry "MEX"]
[BlackCountry "USA"]
[WhiteElo "1551"]
[WhiteRD "105"]
[BlackElo "1447"]
[BlackRD "87"]
[GameID "47763"]

1. Nc3 b6 2. e4 Bb7 3. Nf3 Nc6 4. d4 d6 5. Bf4 g6 6. Bc4 Bg7 7. O-O e6 8. Re1 Nge7 9. Qd2 O-O 10. Bh6 d5
11. Bxg7 Kxg7 12. Bd3 Ng8 13. e5 f6 14. Qe2 f5 15. Qd2 Qe7 16. Qf4 Qb4 17. Ng5 Rae8 18. Qh4 h6 19. Nh3 Nxd4 20. Kh1 g5
21. Qh5 Qxb2 22. Ne2 Nxc2 23. Bxc2 Qxc2 24. Rec1 Qb2 25. Rxc7+ Ne7 26. Rac1 Ba6 27. Ng3 Rc8 28. Rxe7+
1-0

[Event "Dragnet for Dunst players! Dun du dun-dun "]
[Site "SchemingMind.com"]
[Date "2006.04.24"]
[Round "-"]
[White "Rotceh"]
[Black "TiltingWindmills"]
[Result "1-0"]
[WhiteCountry "MEX"]
[BlackCountry "USA"]
[WhiteElo "1493"]
[WhiteRD "90"]
[BlackElo "1220"]
[BlackRD "71"]
[GameID "47764"]

1. Nc3 c6 2. e4 e5 3. Nf3 Nf6 4. Nxe5 d6 5. Nf3 Be6 6. d4 Nbd7 7. d5 cxd5 8. exd5 Bf5 9. Bd3 Bg4 10. O-O Nc5
11. Re1+ Be7 12. Qe2 O-O 13. Qxe7 Qxe7 14. Rxe7 Rab8 15. Re3 a6 16. Ng5 h6 17. Nge4 Nfd7 18. Nxd6 Nf6 19. Bf5 Bh5 20. Nce4 Nfxe4
21. Nxe4 Rbc8 22. Bxc8 Rxc8 23. Rc3 b6 24. Be3 Rd8 25. Nxc5 bxc5 26. Rxc5 Rd7 27. d6 Rxd6 28. Rxh5 Rc6 29. Rc5 Rxc5 30. Bxc5 g6
31. Rd1 h5 32. b4 f5 33. Rd6 Kg7 34. Rxa6 Kh6 35. b5 Kg5 36. b6 f4 37. b7 Kf5 38. b8=Q g5 39. Qc8+ Ke4 40. Qe6#
1-0

[Event "Dragnet for Dunst players! Dun du dun-dun "]
[Site "SchemingMind.com"]
[Date "2006.04.27"]
[Round "-"]
[White "Rotceh"]
[Black "judgmentality"]
[Result "1-0"]
[WhiteCountry "MEX"]
[BlackCountry "USA"]
[WhiteElo "1493"]
[WhiteRD "90"]
[BlackElo "1251"]
[BlackRD "66"]
[GameID "47766"]

1. Nc3 d5 2. e4 dxe4 3. Nxe4 Bf5 4. Ng3 Bg6 5. Nf3 Nf6 6. Bc4 e6 7. O-O Bd6 8. d3 O-O 9. Bg5 Nbd7 10. Re1 c6
11. Ne4 Be7 12. Bxf6 Bxf6 13. Qd2
1-0

[Event "Dragnet for Dunst players! Dun du dun-dun "]
[Site "SchemingMind.com"]
[Date "2006.04.25"]
[Round "-"]
[White "Rotceh"]
[Black "MatdeInverses"]
[Result "0-1"]
[WhiteCountry "MEX"]
[BlackCountry "USA"]
[WhiteElo "1588"]
[WhiteRD "145"]
[BlackElo "1956"]
[BlackRD "47"]
[GameID "47767"]

1. Nc3 d5 2. e4 dxe4 3. Nxe4 e5 4. Nf3 f5 5. Nxe5 Qe7 6. Qh5+ g6 7. Nxg6 Qxe4+ 8. Be2 Nf6 9. Qg5 Rg8 10. Qxf6 Rxg6
11. f3 Qxe2+ 12. Kxe2 Rxf6 13. b3 Nc6 14. Bb2 Re6+
0-1

[Event "Dragnet for Dunst players! Dun du dun-dun "]
[Site "SchemingMind.com"]
[Date "2006.04.24"]
[Round "-"]
[White "Rotceh"]
[Black "mart_r3000"]
[Result "0-1"]
[WhiteCountry "MEX"]
[BlackCountry "ENG"]
[WhiteElo "1551"]
[WhiteRD "105"]
[BlackElo "1311"]
[BlackRD "55"]
[GameID "47768"]

1. Nc3 d5 2. e4 d4 3. Nd5 c6 4. Nf4 e5 5. Nd3 Nd7 6. f4 Ngf6 7. Qf3 Be7 8. fxe5 Nxe5 9. Nxe5 O-O 10. Bc4 Be6
11. Be2 Qa5 12. b3 Qxe5 13. d3 Qa5+ 14. Bd2 Qc5 15. Rc1 Qe5 16. Bf4 Bb4+ 17. Kf1 Qc5 18. Nh3 h6 19. Qg3 Qc3 20. Bxh6 g6
21. Qe5 Be7 22. Bg5 Qb2 23. a4 Ng4 24. Bxg4 Bxg4 25. Qxe7 Rae8 26. Qxb7 f6 27. Bh6 Rf7 28. Qxc6 Re6 29. Qc8+ Kh7 30. Bg5 fxg5+
0-1

[Event "Dragnet for Dunst players! Dun du dun-dun "]
[Site "SchemingMind.com"]
[Date "2006.04.24"]
[Round "-"]
[White "Flipje"]
[Black "Rotceh"]
[Result "1-0"]
[WhiteCountry "NED"]
[BlackCountry "MEX"]
[WhiteElo "2010"]
[WhiteRD "101"]
[BlackElo "1551"]
[BlackRD "105"]
[GameID "47769"]

1. Nc3 d5 2. e4 d4 3. Nce2 e5 4. Ng3 Be6 5. Nf3 Bd6 6. c3 c5 7. Bb5+ Bd7 8. Bxd7+ Qxd7 9. d3 Nc6 10. O-O Nf6
11. Bg5 Be7 12. b4 dxc3 13. b5 Nd4 14. Nxe5 Qxb5 15. Nf5 Nxf5 16. exf5 Nd5 17. Bxe7 Nxe7 18. f6 gxf6 19. Ng4 Nd5 20. Qf3 Qc6
21. Qxd5 Qxd5 22. Nxf6+ Kf8 23. Nxd5 Rd8 24. Nf4 b5 25. Rfe1 Kg7 26. Re5 Rc8 27. Nh5+ Kh6 28. g4 Rc6 29. h4 f6 30. Rd5 Re8
31. Ng3 Kg6 32. Nf5
1-0

[Event "Dragnet for Dunst players! Dun du dun-dun "]
[Site "SchemingMind.com"]
[Date "2006.04.24"]
[Round "-"]
[White "langhab"]
[Black "Rotceh"]
[Result "0-1"]
[WhiteCountry "PHI"]
[BlackCountry "MEX"]
[WhiteElo "1674"]
[WhiteRD "62"]
[BlackElo "1551"]
[BlackRD "105"]
[GameID "47770"]

1. Nc3 d5 2. e3 c5 3. f4 Nf6 4. d4 e6 5. Nf3 Nc6 6. dxc5 Bxc5 7. Bb5 O-O 8. Qe2 Bd7 9. Bxc6 Bxc6 10. Bd2 Re8
11. h3 Bd6 12. O-O-O Bb4 13. g4 Qb6 14. Nd4 Bxc3 15. Bxc3 Ne4 16. Be1 a6 17. h4 f6 18. f5 e5 19. Nb3 Bb5 20. Qf3 Bc4
21. Bg3 Bxb3 22. cxb3 Qa5 23. a3 Rac8+ 24. Kb1 Nd2+ 25. Rxd2 Qxd2 26. Rd1 Qc2+ 27. Ka2 e4 28. Qf1 Rc3 29. Rb1 Qxb3+
0-1

[Event "Dragnet for Dunst players! Dun du dun-dun "]
[Site "SchemingMind.com"]
[Date "2006.04.24"]
[Round "-"]
[White "Kenny Elliott"]
[Black "Rotceh"]
[Result "1-0"]
[WhiteCountry "USA"]
[BlackCountry "MEX"]
[WhiteElo "1473"]
[WhiteRD "88"]
[BlackElo "1493"]
[BlackRD "90"]
[GameID "47771"]

1. Nc3 c5 2. Nf3 Nc6 3. e4 e5 4. Bb5 Nf6 5. O-O Be7 6. d3 O-O 7. Bxc6 dxc6 8. Nxe5 Bd6 9. Nc4 Bc7 10. Be3 Ng4
11. f4 Qh4 12. h3 Nxe3 13. Nxe3 Bxf4 14. Rf3 Rd8 15. Ne2 Bxe3+ 16. Rxe3 Re8 17. Qf1 Qg5 18. Rf3 Be6 19. Nf4 Qh6 20. Qf2 Rad8
21. Qxc5 a6 22. b4 Bc8 23. Ne2 Qd6 24. Qxd6 Rxd6 25. Raf1 f6 26. a4 b6 27. c4 Red8 28. d4 R6d7 29. d5 cxd5 30. exd5 Re7
31. Nd4 Re4 32. Nc6 Rde8 33. Rc3 Bd7 34. b5 Bxc6 35. bxc6 Kf7 36. c7 Rc8 37. d6 Rd4 38. c5 bxc5 39. Rxc5 Rxd6 40. Rb1 Rd7
41. Rb7 Ke7 42. Rc6 Rd1+ 43. Kh2 Kd7 44. Rxa6 Rxc7 45. Rb4 Rd6 46. Ra8 Rd3 47. a5 Rdc3 48. a6 Kc6 49. a7 Ra3 50. Rc4+ Kd6
51. Rd8+ Ke7 52. Rxc7+ Kxd8 53. Rxg7 Kc8 54. Rxh7 Ra6 55. Rf7
1-0

[Event "Dragnet for Dunst players! Dun du dun-dun "]
[Site "SchemingMind.com"]
[Date "2006.04.24"]
[Round "-"]
[White "TiltingWindmills"]
[Black "Rotceh"]
[Result "0-1"]
[WhiteCountry "USA"]
[BlackCountry "MEX"]
[WhiteElo "1243"]
[WhiteRD "68"]
[BlackElo "1551"]
[BlackRD "105"]
[GameID "47772"]

1. Nc3 e5 2. e4 Bb4 3. Nf3 Nc6 4. Bc4 Nf6 5. d3 d6 6. Be3 O-O 7. O-O Bg4 8. a3 Ba5 9. Nd5 Bb6 10. Re1 Bxe3
11. Nxe3 Bh5 12. b4 Nd4 13. Qb1 Bxf3 14. Nd5 Nxd5 15. Bxd5 Qg5 16. g3 Qg4 17. Qc1 Qh3
0-1

[Event "Dragnet for Dunst players! Dun du dun-dun "]
[Site "SchemingMind.com"]
[Date "2006.04.24"]
[Round "-"]
[White "judgmentality"]
[Black "Rotceh"]
[Result "0-1"]
[WhiteCountry "USA"]
[BlackCountry "MEX"]
[WhiteElo "1251"]
[WhiteRD "66"]
[BlackElo "1493"]
[BlackRD "90"]
[GameID "47774"]

1. Nc3 d5 2. e4 d4 3. Nce2 e5 4. Ng3 Be6 5. Bb5+ c6 6. Ba4 Nf6 7. d3 Be7 8. Nf3 Qa5+ 9. c3 dxc3 10. O-O cxb2
11. Bxb2 Bg4
0-1

[Event "Dragnet for Dunst players! Dun du dun-dun "]
[Site "SchemingMind.com"]
[Date "2006.04.24"]
[Round "-"]
[White "mart_r3000"]
[Black "Rotceh"]
[Result "0-1"]
[WhiteCountry "ENG"]
[BlackCountry "MEX"]
[WhiteElo "1311"]
[WhiteRD "55"]
[BlackElo "1551"]
[BlackRD "105"]
[GameID "47776"]

1. Nc3 c5 2. d4 cxd4 3. Qxd4 Nc6 4. Qa4 Nf6 5. Nf3 e6 6. Nb5 Bc5 7. Qf4 Qa5+ 8. Bd2 Qxb5 9. b3 Bb4 10. c3 Be7
11. Qg4 Nxg4 12. h3 Nge5 13. a4 Qxb3 14. e4 Bf6 15. Be2 Nxf3+ 16. gxf3 Bxc3 17. Rc1 Bxd2+ 18. Kxd2 Qxa4 19. Rhd1 Qb4+ 20. Ke3 a5
21. f4 b6 22. Bd3 Ba6 23. Rb1 Qc5+ 24. Kf3 Bxd3 25. Rxd3 Nd4+ 26. Kg2 Qc2 27. Rbd1 O-O 28. Rxd4 a4 29. R1d2 Qc6 30. f3 a3
31. Ra2 Ra4 32. Rd3 Qb5 33. Rad2 Rd8 34. f5 exf5 35. Kg3 fxe4 36. fxe4 Qe5+ 37. Kf2 a2 38. Rxd7 Qh2+ 39. Ke3 Ra3+ 40. R2d3 Rxd3+
0-1

[Event "Dragnet for Dunst players! Dun du dun-dun "]
[Site "SchemingMind.com"]
[Date "2006.04.25"]
[Round "-"]
[White "faulty"]
[Black "Flipje"]
[Result "0-1"]
[WhiteCountry "USA"]
[BlackCountry "NED"]
[WhiteElo "1777"]
[WhiteRD "94"]
[BlackElo "2010"]
[BlackRD "101"]
[GameID "47780"]

1. Nc3 a6 2. e4 e6 3. d4 b5 4. Nf3 Bb7 5. Bd3 c5 6. dxc5 Bxc5 7. O-O h6 8. Bd2 Nf6 9. a3 Qc7 10. b4 Be7
11. h3 d6 12. Rb1 Nbd7 13. a4 bxa4 14. b5 Nc5 15. b6 Qd7 16. Re1 O-O 17. e5 Nxd3 18. cxd3 Nd5 19. Ne4 dxe5 20. Nxe5 Qe8
21. Nc4 a3 22. Qb3 Qb5 23. Qa2 Qa4 24. Rec1 Rfd8 25. Rb3 Rac8 26. Ra1 Nf6 27. f3 Nxe4 28. fxe4 Rxc4 29. dxc4 Rxd2
0-1

[Event "Dragnet for Dunst players! Dun du dun-dun "]
[Site "SchemingMind.com"]
[Date "2006.04.25"]
[Round "-"]
[White "faulty"]
[Black "langhab"]
[Result "0-1"]
[WhiteCountry "USA"]
[BlackCountry "PHI"]
[WhiteElo "1751"]
[WhiteRD "109"]
[BlackElo "1649"]
[BlackRD "65"]
[GameID "47781"]

1. Nc3 d5 2. d4 Nf6 3. Nf3 Bf5 4. Bf4 c6 5. e3 e6 6. Bd3 Bg6 7. O-O Bb4 8. Bxg6 hxg6 9. a3 Bd6 10. Bxd6 Qxd6
11. Ne5 Nbd7 12. f4 Ne4 13. Nxe4 dxe4 14. c4 Qe7 15. g3 O-O-O 16. Nxd7 Qxd7 17. b4 f5 18. a4 Qe7 19. c5 g5 20. b5 gxf4
21. exf4 Qd7 22. bxc6 bxc6 23. Qb3 Qxd4+ 24. Rf2 Qxa1+
0-1

[Event "Dragnet for Dunst players! Dun du dun-dun "]
[Site "SchemingMind.com"]
[Date "2006.04.25"]
[Round "-"]
[White "faulty"]
[Black "Kenny Elliott"]
[Result "1-0"]
[WhiteCountry "USA"]
[BlackCountry "USA"]
[WhiteElo "1777"]
[WhiteRD "94"]
[BlackElo "1447"]
[BlackRD "87"]
[GameID "47782"]

1. Nc3 e5 2. e4 Nf6 3. Nf3 Nc6 4. Bc4 h6 5. O-O Bc5 6. d3 O-O 7. h3 a6 8. a3 Nd4 9. Nxe5 b5 10. Ba2 d6
11. Nf3 Be6 12. Bxe6 fxe6 13. Nxd4 Bxd4 14. Ne2 Bb6 15. c3 e5 16. Qc2 c6 17. b4 d5 18. Bb2 dxe4 19. dxe4 Qe7 20. c4 c5
21. cxb5 cxb4 22. bxa6 bxa3 23. Bxa3 Qf7 24. Bxf8 Rxf8 25. Ng3 g6 26. Qc6 Ba7 27. Qb7 Rb8 28. Qxf7+ Kxf7 29. Rfb1 Rxb1+ 30. Rxb1 Bd4
31. Rb7+ Ke8 32. a7 Bxa7 33. Rxa7 h5 34. f3
1-0

[Event "Dragnet for Dunst players! Dun du dun-dun "]
[Site "SchemingMind.com"]
[Date "2006.04.24"]
[Round "-"]
[White "faulty"]
[Black "TiltingWindmills"]
[Result "1-0"]
[WhiteCountry "USA"]
[BlackCountry "USA"]
[WhiteElo "1788"]
[WhiteRD "97"]
[BlackElo "1220"]
[BlackRD "71"]
[GameID "47783"]

1. Nc3 e5 2. e4 Nf6 3. Bc4 Bc5 4. Nf3 Nc6 5. O-O d6 6. h3 O-O 7. d3 a6 8. Bg5 b5 9. Bb3 Bb7 10. Nd5 Qd7
11. Bxf6 Rfe8 12. Bh4 Nb4 13. Nxb4 Bxb4 14. c3 Bc5 15. Bg3 h6 16. Qe2 Qe7 17. Rfe1 Bc8 18. d4 exd4 19. cxd4 Bb4 20. Rec1 Bb7
21. Bc2 Qd7 22. e5 Qe6 23. Qd3 Rad8 24. Qh7+ Kf8 25. exd6 cxd6 26. a3 d5 27. axb4 f6 28. Re1 Qc6 29. Bg6 Re7 30. Qh8#
1-0

[Event "Dragnet for Dunst players! Dun du dun-dun "]
[Site "SchemingMind.com"]
[Date "2006.04.27"]
[Round "-"]
[White "faulty"]
[Black "judgmentality"]
[Result "1-0"]
[WhiteCountry "USA"]
[BlackCountry "USA"]
[WhiteElo "1777"]
[WhiteRD "94"]
[BlackElo "1264"]
[BlackRD "60"]
[GameID "47785"]

1. Nc3 d5 2. d4 Nf6 3. Nf3 g6 4. g3 Bg7 5. Bg2 O-O 6. O-O Bf5 7. Nh4 Nbd7 8. Nxf5 gxf5 9. Nxd5 Nxd5 10. Bxd5 e6
11. Bxb7 Rb8 12. Bg2 Qe7 13. c3
1-0

[Event "Dragnet for Dunst players! Dun du dun-dun "]
[Site "SchemingMind.com"]
[Date "2006.04.25"]
[Round "-"]
[White "faulty"]
[Black "MatdeInverses"]
[Result "0-1"]
[WhiteCountry "USA"]
[BlackCountry "USA"]
[WhiteElo "1777"]
[WhiteRD "94"]
[BlackElo "1978"]
[BlackRD "46"]
[GameID "47786"]

1. Nc3 d5 2. d4 Nf6 3. Nf3 c5 4. Bf4 Nc6 5. e3 Bg4 6. Be2 e6 7. Ne5 Bxe2 8. Nxe2 Bd6 9. O-O O-O 10. Nxc6 bxc6
11. dxc5 Bxc5 12. c3 Re8 13. Qa4 Qb6 14. b4 Bf8 15. Be5 Nd7 16. Bd4 c5 17. bxc5 Nxc5 18. Bxc5 Qxc5 19. Rfb1 Reb8 20. Rb3 Qc4
21. Qxc4 dxc4 22. Rxb8 Rxb8 23. Kf1 Rb2 24. Ke1 Bd6 25. Kd1 Bxh2 26. g3 g5 27. Ke1 h5 28. Kf1 h4 29. Re1 h3 30. Ra1 g4
31. Nd4 Bxg3
0-1

[Event "Dragnet for Dunst players! Dun du dun-dun "]
[Site "SchemingMind.com"]
[Date "2006.04.24"]
[Round "-"]
[White "faulty"]
[Black "mart_r3000"]
[Result "1-0"]
[WhiteCountry "USA"]
[BlackCountry "ENG"]
[WhiteElo "1751"]
[WhiteRD "109"]
[BlackElo "1260"]
[BlackRD "61"]
[GameID "47787"]

1. Nc3 d5 2. d4 e6 3. e4 Nf6 4. Bg5 h6 5. Bxf6 Qxf6 6. exd5 e5 7. dxe5 Qxe5+ 8. Qe2 Qxe2+ 9. Bxe2 Bb4 10. Bb5+ Nd7
11. Ne2 O-O 12. Bxd7 Bxd7 13. O-O Rfe8 14. a3 Bc5 15. h3 c6 16. Rad1 Re5 17. Nf4 Rae8 18. Nd3 Rg5 19. Nxc5 Bxh3 20. d6 Rxg2+
21. Kh1 Rg5 22. d7 Rd8 23. Rfe1 Kh7 24. Re8 Bg2+ 25. Kh2 Bf3 26. Rxd8 Rg2+ 27. Kh3 g5 28. Rh8+ Kxh8 29. d8=Q+ Kg7 30. Qd4+ f6
31. Ne6+ Kg6 32. Qd3+ f5 33. Nf8+ Kh5 34. Qxf3+ g4+ 35. Kxg2 gxf3+ 36. Kxf3 Kg5 37. Rd6 h5 38. Rg6+ Kh4 39. Rg1 Kh3 40. Rh1#
1-0

[Event "Dragnet for Dunst players! Dun du dun-dun "]
[Site "SchemingMind.com"]
[Date "2006.04.25"]
[Round "-"]
[White "faulty"]
[Black "Rotceh"]
[Result "1-0"]
[WhiteCountry "USA"]
[BlackCountry "MEX"]
[WhiteElo "1777"]
[WhiteRD "94"]
[BlackElo "1551"]
[BlackRD "105"]
[GameID "47788"]

1. Nc3 f5 2. e4 d6 3. Bc4 Nf6 4. d3 e6 5. Nf3 e5 6. exf5 Bxf5 7. O-O Nfd7 8. d4 Nc6 9. Ng5 Bg6 10. Ne6 Qc8
11. Nb5 Nxd4 12. Nexc7+ Kd8 13. Nxd4 Kxc7 14. Nb5+ Kd8 15. Bg5+ Be7 16. Nxd6 Qc7 17. Qd5 Bxg5 18. Nxb7+ Kc8 19. Ba6 Nb6 20. Na5+
1-0

[Event "Dragnet for Dunst players! Dun du dun-dun "]
[Site "SchemingMind.com"]
[Date "2006.04.24"]
[Round "-"]
[White "Flipje"]
[Black "faulty"]
[Result "1-0"]
[WhiteCountry "NED"]
[BlackCountry "USA"]
[WhiteElo "2010"]
[WhiteRD "101"]
[BlackElo "1777"]
[BlackRD "94"]
[GameID "47789"]

1. Nc3 Nc6 2. e4 e5 3. g3 Nf6 4. Bg2 Bc5 5. Nge2 O-O 6. O-O d6 7. h3 Bd7 8. Kh2 Nd4 9. f4 Bc6 10. d3 a6
11. f5 h6 12. g4 Nh7 13. Nxd4 exd4 14. Ne2 d5 15. e5 Qe7 16. Bf4 g5 17. Bg3 Rfe8 18. Ng1 f6 19. e6 Bd6 20. Qf3 b6
21. Ne2 Be5 22. Bxe5 fxe5 23. f6 Nxf6 24. Qxf6 Qxe6 25. Ng3 Re7 26. Rae1 Rae8 27. Nh5 Rf7 28. Qxf7+ Qxf7 29. Rxf7 Kxf7 30. Rf1+
1-0

[Event "Dragnet for Dunst players! Dun du dun-dun "]
[Site "SchemingMind.com"]
[Date "2006.04.24"]
[Round "-"]
[White "langhab"]
[Black "faulty"]
[Result "0-1"]
[WhiteCountry "PHI"]
[BlackCountry "USA"]
[WhiteElo "1649"]
[WhiteRD "65"]
[BlackElo "1751"]
[BlackRD "109"]
[GameID "47790"]

1. Nc3 Nc6 2. g3 b6 3. Bg2 Bb7 4. e4 e5 5. Nge2 Nf6 6. a3 Be7 7. d3 O-O 8. O-O h6 9. f4 Bc5+ 10. d4 Nxd4
11. Be3 Ng4 12. Bxd4 exd4 13. Nxd4 Ne3 14. Qd2 Nxf1 15. Kxf1 Bxd4 16. Qxd4 Re8 17. e5 Bxg2+ 18. Kxg2 d6 19. exd6 Qxd6 20. Qxd6 cxd6
21. Rd1 Rad8 22. Rd2 a6 23. Kf3 Re6 24. Nd5 f5 25. Nc7 Re4 26. Nxa6 g5 27. Nb4 Kf7 28. c3 Ke6 29. Nc6 Rd7 30. Rd5 Kxd5
0-1

[Event "Dragnet for Dunst players! Dun du dun-dun "]
[Site "SchemingMind.com"]
[Date "2006.04.24"]
[Round "-"]
[White "Kenny Elliott"]
[Black "faulty"]
[Result "0-1"]
[WhiteCountry "USA"]
[BlackCountry "USA"]
[WhiteElo "1473"]
[WhiteRD "88"]
[BlackElo "1788"]
[BlackRD "97"]
[GameID "47791"]

1. Nc3 Nc6 2. Nf3 Nf6 3. d4 d5 4. Bf4 Bf5 5. e3 a6 6. Bd3 Bxd3 7. Qxd3 e6 8. a3 h6 9. O-O Bd6 10. Be5 O-O
11. Rad1 Ng4 12. Bxd6 cxd6 13. h3 Nf6 14. Rfe1 b5 15. e4 dxe4 16. Nxe4 Nxe4 17. Qxe4 d5 18. Qg4 Rc8 19. c3 Re8 20. Qg3 Na5
21. Ne5 Nc4 22. Nxc4 bxc4 23. Re3 Rb8 24. Rd2 Rb3 25. Qf4 Qb6 26. Rf3 Re7 27. Qe5 Rxb2 28. Rg3 f6 29. Rxb2 Qxb2 30. Qd6 Qb1+
31. Kh2 Qb7 32. Qd8+ Kh7 33. Qd6 e5 34. dxe5 Rxe5 35. Rg4 Re4 36. Rxe4 dxe4 37. Qb4 Qxb4 38. axb4 g5 39. Kg1 f5 40. Kf1 Kg6
41. Ke2 f4 42. Kd2 Kf5 43. Ke2 Ke5 44. Kd2 h5 45. Ke2 h4 46. Kd2 Kd5 47. Ke2 Kc6 48. Kd2 Kb5 49. Kc2 Ka4 50. Kb2 e3
51. fxe3 fxe3 52. Kc2 e2 53. Kd2 Kb3 54. Kxe2 Kxc3 55. Kf3 Kxb4 56. Kg4 c3 57. Kxg5 c2 58. Kxh4 c1=Q 59. g4 Qh6+ 60. Kg3 Kc4
61. h4 Kd4 62. g5 Qh5
0-1